000 00901nam a2200265 a 4500
005 20210223125422.0
008 040819s2001 mx r 000 0 spa d
020 _a970184968X
035 _aUPN01000134331
049 _aI
050 4 _aPQ7389 C3.7
_bF7.2 2001
100 1 _aCardoso, Onelio Jorge,
_d1914-1986
_928662
245 1 0 _aFrancisca y la muerte /
_cOnelio Jorge Cardoso ; il. Gerardo Cantú.
250 _a4a ed.
260 _aMéxico :
_bCONAFE,
_c2001.
300 _a64 p. :
_bprincipalmente il. col.
440 0 _aColibrí.
_pLiteratura
501 _aCon: Un tango para Hilvanando / Eraclio Zepeda -- Mi vida con la ola / Octavio Paz
650 4 _aCUENTOS INFANTILES CUBANOS
_911212
700 1 _aZepeda, Eraclio,
_d1937-
_ecoaut.
_937360
700 1 _aPaz, Octavio,
_d1914-1998
_ecoaut.
740 3 _aUn tango para Hilvanando
740 0 _aMi vida con la ola
905 _aInfantil
999 _c106482
_d106482